Pilates [

Bibliographic Details
Format: Book
Published: [S.l.] : EQ Music (M) Sdn Bhd , 20--?
Subjects:

MARC

LEADER 00000cam a2200000 7i4500
001 0000241978
005 20190726.0
090 0 0 |a MUZ   |b PIL 
245 0 0 |a Pilates [  |h cd music] 
260 |a [S.l.] :   |b EQ Music (M) Sdn Bhd ,   |c 20--? 
300 |a 1 CD audio (40 minutes) 
336 |a performed music  |2 rdacontent 
337 |a audio  |2 rdamedia 
338 |a audio disc  |2 rdacarrier 
347 |a audio file   |b CD audio  |2 rda 
500 |a Library has 1 copy 
650 0 0 |a Music therapy 
999 |a AV 50000   |b CD MUSIC   |c PINJAMAN   |e PERPUSTAKAAN KOMUNITI PETALING JAYA